<?xml version='1.0' encoding='UTF-8'?>
  <record xmlns="http://www.loc.gov/MARC21/slim">
    <leader>00000nem a2200000 i 4500</leader>
    <controlfield tag="001">ocn980373803</controlfield>
    <controlfield tag="003">OCoLC</controlfield>
    <controlfield tag="005">20250531022553.7</controlfield>
    <controlfield tag="008">030918s1710    gw        a     0 0 lat d</controlfield>
    <datafield tag="040" ind1=" " ind2=" ">
      <subfield code="a">QGJ</subfield>
      <subfield code="b">dut</subfield>
      <subfield code="c">QGJ</subfield>
      <subfield code="d">OCLCO</subfield>
      <subfield code="d">OCLCL</subfield>
      <subfield code="d">OCLCQ</subfield>
    </datafield>
    <datafield tag="035" ind1=" " ind2=" ">
      <subfield code="a">(OCoLC)980373803</subfield>
    </datafield>
    <datafield tag="041" ind1=" " ind2=" ">
      <subfield code="a">lat</subfield>
    </datafield>
    <datafield tag="084" ind1=" " ind2=" ">
      <subfield code="a">74.19</subfield>
      <subfield code="2">bcl</subfield>
    </datafield>
    <datafield tag="245" ind1="0" ind2="0">
      <subfield code="a">D.O.M.S. Serenissimo Celsissimoque Principi ac Domino Domino Eberhardo Ludovico Duci Würtenbergiae et Thecciae Comiti Montis belgardi, Dynastae in Haydenheim etc. Sac. Caes. Mai. ac Rom. Imp. ut et Circuli Suevici General Mareschallo Campi et Generali Equitatiis etc. Domino suo Clementißimo Tabulam hanc in debitae submissionis tessoniman.</subfield>
    </datafield>
    <datafield tag="246" ind1="1" ind2=" ">
      <subfield code="a">Ducatus Wurtenbergici cum locis limitaneis, utpote maxima parte circuli Suevici praesertim utroque marchionatu Badensi et Sylva vulgo Nigra</subfield>
    </datafield>
    <datafield tag="255" ind1=" " ind2=" ">
      <subfield code="a">Schaal [ca. 1:315.000].</subfield>
    </datafield>
    <datafield tag="264" ind1=" " ind2="1">
      <subfield code="a">[Plaats van uitgave niet vastgesteld] :</subfield>
      <subfield code="b">[uitgever niet vastgesteld],</subfield>
      <subfield code="c">1710.</subfield>
    </datafield>
    <datafield tag="300" ind1=" " ind2=" ">
      <subfield code="a">1 krt. :</subfield>
      <subfield code="b">kopergrav., in kleur ;</subfield>
      <subfield code="c">58 x 48 cm</subfield>
    </datafield>
    <datafield tag="336" ind1=" " ind2=" ">
      <subfield code="a">cartografische afbeelding</subfield>
      <subfield code="b">cri</subfield>
      <subfield code="2">rdacontent/dut</subfield>
    </datafield>
    <datafield tag="337" ind1=" " ind2=" ">
      <subfield code="a">zonder medium</subfield>
      <subfield code="b">n</subfield>
      <subfield code="2">rdamedia/dut</subfield>
    </datafield>
    <datafield tag="338" ind1=" " ind2=" ">
      <subfield code="a">vel</subfield>
      <subfield code="b">nb</subfield>
      <subfield code="2">rdacarrier/dut</subfield>
    </datafield>
    <datafield tag="500" ind1=" " ind2=" ">
      <subfield code="a">Titel is opdracht.</subfield>
    </datafield>
    <datafield tag="500" ind1=" " ind2=" ">
      <subfield code="a">Rechterblad van een 2 bladige kaart verschenen o.d.t.: Ducatus Wurtenbergici cum locis limitaneis, utpote maxima parte circuli Suevici praesertim utroque marchionatu Badensi et Sylva vulgo Nigra / nova et post omnes exactissima delineatio per M. Johannem Majer ... - Noribergae : opera Joh. Baptistae Homanni, 1710.</subfield>
    </datafield>
    <datafield tag="500" ind1=" " ind2=" ">
      <subfield code="a">Met 4 schaalstokken (Passus Geometrici, Itinera horarum, Milliaria Germanica, Milliaria Suevica).</subfield>
    </datafield>
    <datafield tag="562" ind1=" " ind2=" ">
      <subfield code="a">ex. 1 met vermelding: Cum Privil. D.D.D. Auctor S. C. M.</subfield>
      <subfield code="5">NL-UtRU</subfield>
    </datafield>
    <datafield tag="500" ind1=" " ind2=" ">
      <subfield code="a">Langs de linkerrand 38 wapenschilden.</subfield>
    </datafield>
    <datafield tag="651" ind1=" " ind2="7">
      <subfield code="a">Schwaben (gebied)</subfield>
      <subfield code="0">(NL-LeOCL)078661269.</subfield>
      <subfield code="2">gtt</subfield>
    </datafield>
    <datafield tag="651" ind1=" " ind2="7">
      <subfield code="a">Württemberg.</subfield>
      <subfield code="0">(NL-LeOCL)07896315X.</subfield>
      <subfield code="2">gtt</subfield>
    </datafield>
    <datafield tag="655" ind1=" " ind2="7">
      <subfield code="a">Kaarten (vorm)</subfield>
      <subfield code="0">(NL-LeOCL)088143554.</subfield>
      <subfield code="2">gtt</subfield>
    </datafield>
    <datafield tag="700" ind1="1" ind2=" ">
      <subfield code="a">Majer, Johannes,</subfield>
      <subfield code="d">1608-1674.</subfield>
      <subfield code="1">https://id.oclc.org/worldcat/entity/E39PCjwQTBbGdGhwM3PcBxXXtX</subfield>
    </datafield>
    <datafield tag="758" ind1=" " ind2=" ">
      <subfield code="a">D.O.M.S. Serenissimo Celsissimoque Principi ac Domino Domino Eberhardo Ludovico Duci Würtenbergiae et Thecciae Comiti Montis belgardi, Dynastae in Haydenheim etc. Sac. Caes. Mai. ac Rom. Imp. ut et Circuli Suevici General Mareschallo Campi et Generali Equitatiis etc. Domino suo Clementißimo Tabulam hanc in debitae submissionis tessoniman (CartographicMaterial)</subfield>
      <subfield code="1">https://id.oclc.org/worldcat/entity/E39PCFWbpwFd3ygRjy4HfmB44m</subfield>
      <subfield code="4">https://id.oclc.org/worldcat/ontology/hasWork</subfield>
    </datafield>
    <datafield tag="936" ind1=" " ind2=" ">
      <subfield code="a">BATCHLOAD</subfield>
    </datafield>
  </record>